| 000 | 01048cam a2200325 a 4500 | ||
|---|---|---|---|
| 999 |
_c7475 _d7475 |
||
| 001 | 7475 | ||
| 003 | BD-JhCC | ||
| 005 | 20180211101941.0 | ||
| 008 | 071218s2007 enka 001 0 eng | ||
| 020 | _a9780756631956 | ||
| 020 | _a0756631955 | ||
| 035 | _a(BD-JhCC)7475 | ||
| 040 |
_aIEP _cIEP _dBAKER _dCPL _dDLC _dBD-JhCC |
||
| 041 | _aeng | ||
| 050 | 0 | 0 |
_aGV707 _b.S698 2007 |
| 082 |
_bSPO 2007 _222 _a796 |
||
| 245 | 0 | 4 |
_aThe sports book : _bthe games, the rules, the tactics, the techniques / _c[senior editor, David Summers ; project editors, Tarda Davison-Aitkins ... et al.]. |
| 250 | _a1st American ed. | ||
| 260 |
_aLondon ; _aNew York : _bDK Pub., _c2007. |
||
| 300 |
_a448 p. : _bcol. ill. ; _c27 cm. |
||
| 500 | _aIncludes index. | ||
| 650 | 0 |
_aSports _vMiscellanea. |
|
| 650 | 0 |
_aSports _vRules. |
|
| 650 | 0 | _aSports. | |
| 700 | 1 | _aSummers, David. | |
| 700 | 1 | _aDavison-Aitkins, Tarda. | |
| 856 | 4 | 2 |
_3Publisher description _uhttp://www.loc.gov/catdir/enhancements/fy1516/2007300354-d.html |
| 942 |
_2ddc _cBK |
||